Archives and Archivist in 20th Century England. (Record no. 3279)

MARC details
005 - DATE AND TIME OF LATEST TRANSACTION
control field 20250606083134.0
020 ## - INTERNATIONAL STANDARD BOOK NUMBER
International Standard Book Number 978-0-8153-9906-3
082 ## - DEWEY DECIMAL CLASSIFICATION NUMBER
Classification number 942.08 SHE
100 ## - MAIN ENTRY--PERSONAL NAME
Author name SHEPHERD, E.
245 ## - TITLE STATEMENT
Title Archives and Archivist in 20th Century England.
260 ## - PUBLICATION, DISTRIBUTION, ETC.
Place of publication, distribution, etc. New York,
Name of publisher, distributor, etc. Routledge,
Date of publication, distribution, etc. 2009.
300 ## - PHYSICAL DESCRIPTION
Extent xiii,239p.;
Other physical details Bibliography & index
Dimensions 23cm.
942 ## - ADDED ENTRY ELEMENTS (KOHA)
Source of classification or shelving scheme Dewey Decimal Classification
Koha item type Books
Holdings
Date last seen Total checkouts Full call number Barcode Cost, replacement price Price effective from Koha item type Lost status Source of classification or shelving scheme Damaged status Not for loan Withdrawn status Home library Current library Shelving location Date acquired Cost, normal purchase price
06/06/2025   942.08 SHE DOM000101 389637.00 06/06/2025 Books   Dewey Decimal Classification       CBE Dodoma CBE Dodoma Special Reserve Collection 03/12/2025 129879.00